<?xml version="1.0" encoding="UTF-8"?>
<record
    xmlns:xsi="http://www.w3.org/2001/XMLSchema-instance"
    xsi:schemaLocation="http://www.loc.gov/MARC21/slim http://www.loc.gov/standards/marcxml/schema/MARC21slim.xsd"
    xmlns="http://www.loc.gov/MARC21/slim">

  <leader>00925nam a22002417a 4500</leader>
  <controlfield tag="003">OSt</controlfield>
  <controlfield tag="005">20180116192422.0</controlfield>
  <controlfield tag="008">140625t        xxu||||| |||| 00| 0 eng d</controlfield>
  <datafield tag="040" ind1=" " ind2=" ">
    <subfield code="c">sada</subfield>
  </datafield>
  <datafield tag="082" ind1=" " ind2=" ">
    <subfield code="2">21</subfield>
    <subfield code="a">693.83</subfield>
    <subfield code="b">AGA</subfield>
  </datafield>
  <datafield tag="110" ind1="0" ind2=" ">
    <subfield code="a">Aga Khan Planning and Building Service Pakistan.</subfield>
    <subfield code="9">7569</subfield>
  </datafield>
  <datafield tag="245" ind1="1" ind2="0">
    <subfield code="a">23 Roof insulation values.</subfield>
    <subfield code="b">Thermal insulation values for houses in high mountain areas in the Himalayas. </subfield>
  </datafield>
  <datafield tag="246" ind1="0" ind2=" ">
    <subfield code="a">Twenty three Roof insulation values.</subfield>
  </datafield>
  <datafield tag="260" ind1=" " ind2=" ">
    <subfield code="a">S.L :</subfield>
    <subfield code="b">S.N,</subfield>
    <subfield code="c">2010.</subfield>
  </datafield>
  <datafield tag="300" ind1=" " ind2=" ">
    <subfield code="a">42 p.;ill.</subfield>
  </datafield>
  <datafield tag="650" ind1="1" ind2="0">
    <subfield code="2">LCSH</subfield>
    <subfield code="a">Thermal insulation.</subfield>
    <subfield code="b">Himalayas.</subfield>
    <subfield code="9">7570</subfield>
  </datafield>
  <datafield tag="710" ind1="1" ind2=" ">
    <subfield code="a">United Nations Development Programme. (UNDP)</subfield>
    <subfield code="9">7571</subfield>
  </datafield>
  <datafield tag="710" ind1="1" ind2=" ">
    <subfield code="a">Global Environment facility. (GEF)</subfield>
    <subfield code="9">7572</subfield>
  </datafield>
  <datafield tag="710" ind1="1" ind2=" ">
    <subfield code="a">AGA Khan foundation. (Pakistan)</subfield>
    <subfield code="9">7573</subfield>
  </datafield>
  <datafield tag="710" ind1="1" ind2=" ">
    <subfield code="a">Ministry of Environment Government of Pakistan.</subfield>
    <subfield code="9">7574</subfield>
  </datafield>
  <datafield tag="710" ind1="1" ind2=" ">
    <subfield code="a">Building and Construction Improvement Programme - BACIP</subfield>
    <subfield code="9">7575</subfield>
  </datafield>
  <datafield tag="942" ind1=" " ind2=" ">
    <subfield code="2">ddc</subfield>
    <subfield code="c">BK</subfield>
  </datafield>
  <datafield tag="999" ind1=" " ind2=" ">
    <subfield code="c">353956</subfield>
    <subfield code="d">353956</subfield>
  </datafield>
  <datafield tag="952" ind1=" " ind2=" ">
    <subfield code="0">0</subfield>
    <subfield code="1">0</subfield>
    <subfield code="2">ddc</subfield>
    <subfield code="4">0</subfield>
    <subfield code="7">0</subfield>
    <subfield code="a">SADA</subfield>
    <subfield code="b">SADA</subfield>
    <subfield code="d">2014-06-20</subfield>
    <subfield code="l">0</subfield>
    <subfield code="o">693.83 AGA 2010</subfield>
    <subfield code="p">SADA0002319</subfield>
    <subfield code="r">2017-01-05</subfield>
    <subfield code="v">0.00</subfield>
    <subfield code="w">2017-01-05</subfield>
    <subfield code="y">BK</subfield>
  </datafield>
  <datafield tag="952" ind1=" " ind2=" ">
    <subfield code="0">0</subfield>
    <subfield code="1">0</subfield>
    <subfield code="2">ddc</subfield>
    <subfield code="4">0</subfield>
    <subfield code="7">0</subfield>
    <subfield code="a">SADA</subfield>
    <subfield code="b">SADA</subfield>
    <subfield code="d">2014-06-20</subfield>
    <subfield code="l">2</subfield>
    <subfield code="m">1</subfield>
    <subfield code="o">693.83 AGA 2010</subfield>
    <subfield code="p">SADA0002320</subfield>
    <subfield code="r">2015-05-25</subfield>
    <subfield code="s">2015-04-24</subfield>
    <subfield code="v">0.00</subfield>
    <subfield code="w">2014-06-25</subfield>
    <subfield code="y">BK</subfield>
  </datafield>
</record>
